00393nam a2200121Ia 4500008004100000082002000041100001500061245005100076260003600127365000600163630005100169730005100220100415s9999 xx 000 0 und d b2354a590.7(42) aHuxley,J.S aOfficial Guide To Zoological Society Of London aLONDONc1937bZoo.Soc.Of London b0 aOfficial Guide To Zoological Society Of London aOfficial Guide To Zoological Society Of London